Pricing and Liquidity of Complex and Structured Derivatives Deviation of a Risk Benchmark Based on Credit and Option Market Data /

This book introduces the “strike of default” (SOD) benchmark concept. The author determines the SOD through cross-sectional pricing between the credit market and the option market, considering the same underlying. The idea of the SOD is to combine the implied probability of default from both markets...

Full description

Bibliographic Details
Main Author: Schmidt, Mathias (Author)
Corporate Author: SpringerLink (Online service)
Format: Electronic eBook
Language:English
Published: Cham : Springer International Publishing : Imprint: Springer, 2016.
Series:SpringerBriefs in Finance,
Subjects:
Online Access:Full Text via HEAL-Link
LEADER 02404nam a22004575i 4500
001 978-3-319-45970-7
003 DE-He213
005 20160922105229.0
007 cr nn 008mamaa
008 160922s2016 gw | s |||| 0|eng d
020 |a 9783319459707  |9 978-3-319-45970-7 
024 7 |a 10.1007/978-3-319-45970-7  |2 doi 
040 |d GrThAP 
100 1 |a Schmidt, Mathias.  |e author. 
245 1 0 |a Pricing and Liquidity of Complex and Structured Derivatives  |h [electronic resource] :  |b Deviation of a Risk Benchmark Based on Credit and Option Market Data /  |c by Mathias Schmidt. 
264 1 |a Cham :  |b Springer International Publishing :  |b Imprint: Springer,  |c 2016. 
300 |a XVII, 114 p. 32 illus., 16 illus. in color.  |b online resource. 
336 |a text  |b txt  |2 rdacontent 
337 |a computer  |b c  |2 rdamedia 
338 |a online resource  |b cr  |2 rdacarrier 
347 |a text file  |b PDF  |2 rda 
490 1 |a SpringerBriefs in Finance,  |x 2193-1720 
505 0 |a Introduction -- Different Approaches on CDS Valuation - an Empirical Study -- Credit Default Swaps from an Equity Option View -- Strike of Default: Sensitivity and Times Series Analysis -- Conclusion. 
520 |a This book introduces the “strike of default” (SOD) benchmark concept. The author determines the SOD through cross-sectional pricing between the credit market and the option market, considering the same underlying. The idea of the SOD is to combine the implied probability of default from both markets to get a time-depending share price, at which the markets believe the underlying will default. By means of credit default swaps (CDS) and option pricing methods, the SOD is determined for any exchange-listed company, where option and CDS market data are available. 
650 0 |a Finance. 
650 0 |a Business enterprises  |x Finance. 
650 0 |a Banks and banking. 
650 0 |a Capital market. 
650 0 |a Financial engineering. 
650 1 4 |a Finance. 
650 2 4 |a Banking. 
650 2 4 |a Business Finance. 
650 2 4 |a Financial Engineering. 
650 2 4 |a Capital Markets. 
710 2 |a SpringerLink (Online service) 
773 0 |t Springer eBooks 
776 0 8 |i Printed edition:  |z 9783319459691 
830 0 |a SpringerBriefs in Finance,  |x 2193-1720 
856 4 0 |u http://dx.doi.org/10.1007/978-3-319-45970-7  |z Full Text via HEAL-Link 
912 |a ZDB-2-ECF 
950 |a Economics and Finance (Springer-41170)